| 000 | 00421nab a2200145Ia 4500 | ||
|---|---|---|---|
| 003 | ES-SlBCS | ||
| 005 | 20210601124056.0 | ||
| 008 | 140529s1981 xxu||||| |||| 00| 0 eng d | ||
| 041 | _aeng | ||
| 100 | 1 |
_aAlthann, Robert _9134706 |
|
| 245 | 0 | 0 |
_amwl Circumcise with the lamedh of Agency _c Robert Althann |
| 650 | 0 | 4 |
_aCircuncisión _9123872 |
| 773 | 0 |
_tBiblica _gvol. 62, nº. 2, 1981, págs. 239-240 _wRev78 |
|
| 942 | _cAR | ||
| 999 |
_c508840 _d508840 |
||